Odgadnij kraj z podpowiedzią - edycja piłkarska #3 - Statystyki

Ogólne statystyki
  • Ten quiz został rozwiązany 28 razy
  • Średni wynik to 7 z 10
Statystyki odpowiedzi
Podpowiedź Kraj % Poprawnych
W sezonach 2013/14, 2014/15, 2015/16 klub z tego kraju wygrał Ligę Europy Hiszpania
92%
W tym kraju został rozegrany mecz o Superpuchar Hiszpanii w 2023 roku Arabia Saudyjska
88%
Ten kraj gościł do tej pory samodzielnie 3 razy Mistrzostwa Europy Francja
88%
Mistrzem najwyższej ligi w tym kraju w 2023 roku został Al Ahly FC Egipt
79%
W klubie z tego kraju gra obecnie Michał Helik Wielka Brytania (Anglia)
79%
Zanim Przemysław Frankowski trafił do RC Lens grał w latach 2019-2021 w tym kraju Stany Zjednoczone
75%
Ten Kraj zdobył w 2019 roku Puchar Azji, a w 2024 roku będzie organizatorem tego turnieju Katar
71%
W eliminacjach do ME 2024 zdobyli dokładnie tylko 1 bramkę Liechtenstein
63%
W tym kraju znajduję się stadion Saitama Stadium, mogący pomieścić prawie 64 tys. kibiców Japonia
46%
Ten kraj grał w meczu o trzecie miejsce na MŚ w 2010 przeciwko Niemcom Urugwaj
42%
Nie znaleziono quizów pasujących do podanych kryteriów
Rozkład punktacji
Procent ludzi z każdym wynikiem
Percentyl według liczby udzielonych odpowiedzi
Twoja historia wyników
Nie rozwiązałeś tego quizu